La Sorbona : (Record no. 54732)

MARC details
000 -CABECERA
campo de control de longitud fija 00672nam a2200181 a 4500
005 - FECHA Y HORA DE LA ÚLTIMA TRANSACCIÓN
campo de control 20210219152458.0
008 - ELEMENTOS DE LONGITUD FIJA--INFORMACIÓN GENERAL
campo de control de longitud fija 991125s1943 mx 000 0 spa u
035 ## - NÚMERO DE CONTROL DEL SISTEMA
Número de control de sistema UPN01000054732
049 ## - COLECCIÓN
Colección CG
050 #4 - SIGNATURA TOPOGRÁFICA DE LA BIBLIOTECA DEL CONGRESO
Número de clasificación LF2193 G3.8
100 1# - ASIENTO PRINCIPAL--NOMBRE PERSONAL
Nombre de persona García Robles, Alfonso
245 13 - MENCIÓN DE TÍTULO
Título La Sorbona :
Resto del título ayer y hoy : sinopsis histórica de la Universidad de París desde sus orígenes hasta nuestros días
-- sinopsis histórica de la Universidad de París desde sus orígenes hasta nuestros días /
Mención de responsabilidad, etc. Alfonso García Robles ; pref. de Jule
260 ## - PUBLICACIÓN, DISTRIBUCIÓN, ETC.
Lugar de publicación, distribución, etc. México :
Nombre del editor, distribuidor, etc. UNAM,
Fecha de publicación, distribución, etc. 1943
300 ## - DESCRIPCIÓN FÍSICA
Extensión 167 p. :
Otras características físicas il.
651 #4 - ASIENTO SECUNDARIO DE MATERIA - NOMBRE GEOGRAFICO
Nombre geográfico SORBONA-
Subdivisión general HISTORIA
904 ## - ELEMENTOS DE DATOS D LOCAL, LDD (RLIN)
a AC
b 054735
905 ## - TIPO DE MATERIAL
Tipo de material Libro
Holdings
Estado de retiro Estado de pérdida Fuente del sistema de clasificación o colocación Estado dañado No para préstamo Código de colección Localización permanente Ubicación/localización actual Ubicación en estantería Enumeración/cronología de publicación seriada Total de préstamos Clasificación Código de barras Fecha visto por última vez Número de copia Tipo de ítem Koha
    Library of Congress Classification     Colección General Bib. Gregorio Torres Quintero Bib. Gregorio Torres Quintero Planta baja - 5 LF2193 G3.8 46276 31/12/2020 1 Libro
    Library of Congress Classification     Colección General Bib. Gregorio Torres Quintero Bib. Gregorio Torres Quintero Planta baja - 5 LF2193 G3.8 43927 31/12/2020 1 Libro